000
00327nam a2200157Ia 4500
100
_a
Good/Paul
650
_a
General
942
_c
RB
654
_a
The individual
245
_a
The individual
260
_b
Time-life international
_a
Spain
_c
1976
082
_a
150
_b
Tim
300
_a
176
546
_a
ENGLISH
999
_c
24980
_d
24980